LEADER 01850nam1 22004453i 450 001 RAV0056094 005 20231121125627.0 100 $a20080207d1973 ||||0itac50 ba 101 | $aita 102 $ait 181 1$6z01$ai $bxxxe 182 1$6z01$an 200 1 $a˜Il œbuongoverno$esaggi di economia e politica$e1897-1954$fLuigi Einaudi$ga cura di Ernesto Rossi 210 $aRoma$aBari$cLaterza$d1973 215 $a2 volumi$d18 cm 463 1$1001RAV0056095$12000 $a1$fLuigi Einaudi$v1 463 1$1001RAV0056099$12000 $a2$fLuigi Einaudi$v2 500 10$a˜Il œbuongoverno.$3MSE0071133$9CFIV026671$938218 606 $aEconomia$2FIR$3RMLC000063$9I 606 $aPolitica$2FIR$3RMLC010974$9I 676 $a330.08$9$v21 676 $a330.8$9$v21 700 1$aEinaudi$b, Luigi$3CFIV026671$4070$0319569 702 1$aRossi$b, Ernesto$f <1897-1967>$3RAVV004515 790 0$aJunius$3TO0V504803$zEinaudi, Luigi 790 0$aVeterano$3TO0V536170$zEinaudi, Luigi 790 0$aEmpirico$3LO1V151820$zRossi, Ernesto <1897-1967> 790 0$aStoreno$3LO1V152692$zRossi, Ernesto <1897-1967> 790 1$aRossi$b, Ernesto$f <1897-1967>$3RMLV251455$zRossi, Ernesto <1897-1967> 801 3$aIT$bIT-01$c20080207 850 $aIT-RM1251 $aIT-FR0084 $aIT-RM0460 $aIT-FR0017 899 $aFONDAZIONE GIUSEPPE EMANUELE E VERA MODIGLIANI$bRM1251 899 $aBiblioteca Del Monumento Nazionale Di Montecassino$bFR0084 899 $aBiblioteca Dell' Archivio Centrale Dello Stato$bRM0460 899 $aBiblioteca umanistica Giorgio Aprea$bFR0017 912 $aRAV0056094 950 1$aBiblioteca umanistica Giorgio Aprea$d 52MAG 1/478.1$d 52MAG 1/478.2 977 $a 15$a 25$a 27$a 52 996 $aBuongoverno$938218 997 $aUNICAS LEADER 01218nam2 22003253i 450 001 RAV0033552 005 20231121125625.0 010 $a2020006715 100 $a20130527d1975 ||||0itac50 ba 101 | $afre 102 $afr 181 1$6z01$ai $bxxxe 182 1$6z01$an 200 1 $a˜11: La œRépublique radicale?$e1898-1914$fMadeleine Rebérioux 210 $aParis$cÉditions du seuil$d©1975 215 $a254 p.$cgrafici$d18 cm. 225 | $aPoints$i. Histoire$v111 410 0$1001BVE0004351$12001 $aPoints$i. Histoire$v111 461 1$1001RAV0024659$12001 $aNouvelle histoire de la France contemporaine$v11 606 $aFRANCIA$xSTORIA$x1898-1914$2FIR$3IEIC015015$9I 676 $a944.081$9STORIA DELLA FRANCIA DAL 1870 AL 1945$v20 700 1$aRebérioux$b, Madeleine$3RAVV008885$4070$0173792 801 3$aIT$bIT-01$c20130527 850 $aIT-FR0017 899 $aBiblioteca umanistica Giorgio Aprea$bFR0017 $eN 912 $aRAV0033552 950 2$aBiblioteca umanistica Giorgio Aprea$d 52DES 944 Reb.Rep.$e 52SBA0000200855 VMB RS $fA $h20160412$i20160412 977 $a 52 996 $aRépublique radicale?$9194156 997 $aUNICAS